[Event "AUTO-ADV-4641"]
[Site "http://www.queenalice.com/game.php?id=1795979"]
[Date "2022.9.12"]
[Round "1"]
[White "jcharro1979"]
[Black "Becket"]
[Result "1-0"]
[WhiteElo "2002"]
[BlackElo "1776"]

1. e4 e5 2. Nf3 d6 3. Nc3 Be7 4. Bc4 Nf6 5. d3 Nc6 6. O-O O-O 7. Bg5 Na5 8. Bb3
Nxb3 9. axb3 Bg4 10. h3 Bxf3 11. Qxf3 Nd7 12. Be3 Bg5 13. Qg3 Bxe3 14. Qxe3 f5
15. f4 exf4 16. Rxf4 fxe4 17. Nxe4 Rxf4 18. Qxf4 Nf6 19. Nxf6+ Qxf6 20. Qxf6
gxf6 21. Re1 Kf7 22. Kf2 Re8 23. Re3 b6 24. b4 Re6 25. b5 Re5 26. Rxe5 dxe5 27.
Kf3 f5 28. g4 Kf6 29. gxf5 Kxf5 30. h4 h5 31. b4 1-0

[Event "Challenge"]
[Site "http://www.queenalice.com/game.php?id=1796359"]
[Date "2022.9.17"]
[Round "-"]
[White "Mr_SPOCK"]
[Black "Becket"]
[Result "0-1"]
[WhiteElo "1710"]
[BlackElo "1815"]

1. e4 e5 2. Nf3 d6 3. Bc4 Nf6 4. d3 Be7 5. Nc3 O-O 6. Bg5 a6 7. Nh4 Ne8 8. f4
Bxg5 9. fxg5 Qxg5 10. g3 Nc6 11. Bd5 Nd4 12. O-O Bg4 13. Nf3 Qe3+ 14. Kg2 c6 15.
Bc4 b5 16. Bb3 Nf6 17. h3 Bxf3+ 18. Rxf3 Nxf3 19. Qxf3 Qxf3+ 20. Kxf3 Rad8 21.
a4 d5 22. axb5 axb5 23. Ra6 dxe4+ 24. dxe4 Rc8 25. g4 Nd7 26. Ba2 Rfd8 27. Ra7
Ra8 28. Rxa8 Rxa8 29. Bb3 g6 30. h4 Kg7 31. h5 Nb6 32. Nb1 Na4 33. c4 bxc4 34.
Bxc4 Nxb2 35. Bb3 Nd3 36. Bc4 Nf4 37. Kg3 Ra4 38. Nd2 gxh5 39. gxh5 Nxh5+ 40.
Kh4 Nf6 41. Bd3 c5 42. Bb1 c4 43. Kg5 c3 44. Nf3 Nxe4+ 45. Bxe4 Rxe4 46. Nxe5
Rxe5+ 47. Kf4 Kf6 48. Kf3 c2 49. Kf2 c1=Q 50. Kf3 Qf1+ 51. Kg3 Rg5+ 52. Kh2 Qg2#
0-1

[Event "AUTO-ADV-4645"]
[Site "http://www.queenalice.com/game.php?id=1797156"]
[Date "2022.9.29"]
[Round "1"]
[White "Esvir"]
[Black "Becket"]
[Result "1-0"]
[WhiteElo "2030"]
[BlackElo "1844"]

1. e4 e5 2. Nf3 d6 3. Bc4 Be7 4. Nc3 Nf6 5. h3 a6 6. d3 O-O 7. O-O Nc6 8. a3 b5
9. b4 Bb7 10. Bb3 h6 11. Be3 Nh7 12. Nd5 Nf6 13. Nxe7+ Qxe7 14. Nh4 Kh8 15. Nf5
Qd7 16. Qf3 Ne7 17. Nxh6 gxh6 18. Qxf6+ Kg8 19. Bxh6 Kh7 20. Qg7# 1-0

[Event "AUTO-ADV-4645"]
[Site "http://www.queenalice.com/game.php?id=1797157"]
[Date "2022.9.29"]
[Round "1"]
[White "Becket"]
[Black "Esvir"]
[Result "0-1"]
[WhiteElo "1839"]
[BlackElo "2049"]

1. d4 d5 2. e3 Nf6 3. Nf3 c5 4. c4 cxd4 5. Qxd4 Nc6 6. Qd1 e6 7. Nc3 Be7 8. cxd5
exd5 9. a3 a5 10. Be2 O-O 11. O-O Bf5 12. Bd3 Bxd3 13. Qxd3 Ng4 14. Qf5 Nf6 15.
Rd1 g6 16. Qd3 Qc7 17. Qe2 Rad8 18. Nd4 Qe5 19. Qf3 Bd6 20. g3 Ne7 21. Ndb5 Bb8
22. Bd2 Ne4 23. Nd4 Nxd2 24. Rxd2 h5 25. Rad1 h4 26. Nde2 hxg3 27. hxg3 Kg7 28.
Nxd5 Nxd5 29. Rxd5 Rxd5 30. Rxd5 Qxb2 31. Nf4 Qxa3 0-1

[Event "AUTO-ADV-4645"]
[Site "http://www.queenalice.com/game.php?id=1797170"]
[Date "2022.9.29"]
[Round "1"]
[White "Carlos19"]
[Black "Becket"]
[Result "0-1"]
[WhiteElo "1482"]
[BlackElo "1830"]

1. e4 e5 2. Nf3 d6 3. Bc4 Be7 4. d3 Nf6 5. Nc3 O-O 6. Nd5 Nxd5 7. Bxd5 Nd7 8.
O-O Nf6 9. Bc4 a6 10. a4 Bd7 11. Ng5 h6 12. Nxf7 Rxf7 13. Bxf7+ Kxf7 14. c4 c6
15. f4 exf4 16. Bxf4 b5 17. axb5 axb5 18. Rxa8 Qxa8 19. cxb5 cxb5 20. Qa1 Qa4
21. Qxa4 bxa4 22. e5 dxe5 23. Bxe5 Bb5 24. Rd1 Ke6 25. Bc3 Kd7 26. d4 Nd5 27.
Rb1 Bc4 28. g4 Bf6 29. h3 Ke7 30. Ra1 Bb3 31. Kg2 Kf7 32. Kg3 Kg6 33. h4 Kh7 34.
Bd2 Bxd4 35. Rb1 Be3 36. Bxe3 Nxe3 37. g5 hxg5 38. hxg5 Kg6 39. Kh4 Kf5 40. Kh5
Nd1 41. Kh4 Kf4 42. Kh5 Ne3 43. g6 Nf5 44. Rf1+ Ke5 45. Kg5 Bc2 46. Rf2 Bd3 47.
Rf4 Bc2 48. Kg4 Kf6 49. Kh5 Bd1+ 50. Rg4 Bxg4+ 51. Kxg4 Kxg6 52. Kf4 Nd6 53. Ke3
Nc4+ 54. Kd3 Nxb2+ 55. Kc2 Nc4 56. Kc3 Ne5 57. Kb4 Kf5 58. Kxa4 g5 59. Kb3 g4
60. Kc2 g3 0-1

[Event "AUTO-ADV-4645"]
[Site "http://www.queenalice.com/game.php?id=1797171"]
[Date "2022.9.29"]
[Round "1"]
[White "Becket"]
[Black "Carlos19"]
[Result "1-0"]
[WhiteElo "1822"]
[BlackElo "1524"]

1. d4 e6 2. e3 Nc6 3. Nf3 d5 4. c4 dxc4 5. Bxc4 Bb4+ 6. Nc3 Nf6 7. O-O O-O 8.
Bd3 h6 9. Bd2 a6 10. Re1 b5 11. Ne4 Nxe4 12. Bxe4 Bxd2 13. Qxd2 f5 14. Bxc6 Rb8
15. Ne5 Qd6 16. a3 g5 17. g3 g4 18. b4 h5 19. Rac1 Bb7 20. Bxb7 Rxb7 21. Rc6 Qd5
22. Rxa6 Qb3 23. Qc1 Rb6 24. Rxb6 cxb6 25. Re2 Ra8 26. Rc2 Qxa3 27. Rc8+ Kg7 28.
Qc7+ Kf6 29. Qf7+ Kg5 30. Qg6# 1-0

[Event "AUTO-ADV-4645"]
[Site "http://www.queenalice.com/game.php?id=1797180"]
[Date "2022.9.29"]
[Round "1"]
[White "Becket"]
[Black "juim"]
[Result "1-0"]
[WhiteElo "1832"]
[BlackElo "1625"]

1. d4 d5 2. e3 Bf5 3. Nf3 Be4 4. c4 dxc4 5. Bxc4 Nc6 6. Nc3 e6 7. Nxe4 Bb4+ 8.
Nc3 Bxc3+ 9. bxc3 Na5 10. Bd3 Qd5 11. c4 Qh5 12. c5 Nf6 13. Bd2 Nc6 14. Bb5 O-O
15. Bxc6 bxc6 16. Ne5 Qxd1+ 17. Rxd1 a5 18. a4 Nd5 19. Nxc6 g6 20. Bxa5 Ra6 21.
Nb4 Rxa5 22. Nxd5 exd5 23. Ra1 Rfa8 24. O-O Rb8 25. g3 Rb4 26. Kg2 Raxa4 27.
Rxa4 Rxa4 28. Kf3 Ra6 29. Rb1 h5 30. Rb2 Ra1 31. h4 Kg7 32. Rb7 c6 33. Rb6 Ra8
34. Rxc6 Re8 35. Rd6 Ra8 36. Rxd5 Rc8 37. Rd6 Kf8 38. c6 Kg7 39. d5 Kf8 40. e4
Rc7 41. Kf4 Ra7 42. Rd8+ Kg7 43. d6 Ra2 44. Kf3 Kf6 45. Re8 Ra6 46. e5+ Kg7 47.
c7 1-0

[Event "AUTO-ADV-4645"]
[Site "http://www.queenalice.com/game.php?id=1797181"]
[Date "2022.9.29"]
[Round "1"]
[White "juim"]
[Black "Becket"]
[Result "0-1"]
[WhiteElo "1643"]
[BlackElo "1801"]

1. e4 e5 2. d3 Be7 3. Be3 d6 4. Qh5 Nf6 5. Qf3 Nc6 6. Bg5 Nd4 7. Qd1 Ne6 8. Nc3
a6 9. Bxf6 Bxf6 10. Nd5 c6 11. Nxf6+ Qxf6 12. Qf3 Qxf3 13. Nxf3 h6 14. O-O-O b5
15. d4 O-O 16. Nh4 g6 17. d5 cxd5 18. Rxd5 Rd8 19. Bd3 Bb7 20. Re1 Nf4 21. Rd4
exd4 22. Bf1 Re8 23. g3 Nh5 24. Be2 Rxe4 25. f3 Re3 26. Ng2 Re6 27. g4 Nf6 28.
h4 Rae8 29. Nf4 Bxf3 30. Kd2 Bxg4 31. Nxe6 Rxe6 32. Bd3 Rxe1 33. Kxe1 Kf8 34.
Kf2 Ke7 35. Kg3 Ke6 36. Be4 Bf5 37. Bxf5+ Kxf5 38. b3 Ne4+ 39. Kf3 b4 40. Kg2
Kg4 0-1

[Event "AUTO-ADV-4647"]
[Site "http://www.queenalice.com/game.php?id=1797512"]
[Date "2022.10.7"]
[Round "1"]
[White "kuntakinte"]
[Black "Becket"]
[Result "1-0"]
[WhiteElo "1792"]
[BlackElo "1835"]

1. e4 e5 2. Nf3 d6 3. c4 Be7 4. Qa4+ Nc6 5. b4 Bd7 6. b5 Nb8 7. d4 exd4 8. Nxd4
Bf6 9. Bb2 Bxd4 10. Bxd4 Nf6 11. Bd3 b6 12. O-O O-O 13. Qd1 c5 14. bxc6 Nxc6 15.
Bc3 Re8 16. Nd2 Ne5 17. Qc2 Nxd3 18. Qxd3 Bc6 19. Rfe1 b5 20. cxb5 Bb7 21. Qg3
Qe7 22. Bb4 Rad8 23. Bc3 Qd7 24. Bxf6 1-0

[Event "AUTO-ADV-4647"]
[Site "http://www.queenalice.com/game.php?id=1797513"]
[Date "2022.10.7"]
[Round "1"]
[White "Becket"]
[Black "kuntakinte"]
[Result "1-0"]
[WhiteElo "1825"]
[BlackElo "1783"]

1. d4 d5 2. e3 Nc6 3. Nf3 e6 4. c4 dxc4 5. Bxc4 b6 6. a3 Bb7 7. Qa4 a6 8. Qc2 b5
9. Be2 Nf6 10. Nc3 b4 11. axb4 Nxb4 12. Qd2 Qe7 13. b3 Rd8 14. O-O c5 15. Bb2
Qc7 16. Qc1 Bxf3 17. Bxf3 cxd4 18. exd4 Nd3 19. Qc2 Nb4 20. Qd2 Bd6 21. g3 O-O
22. Rac1 e5 23. dxe5 Bxe5 24. Qe2 Qb8 25. Rcd1 Rc8 26. Nd5 Rfe8 27. Bxe5 Qxe5
28. Qxe5 Rxe5 29. Nxb4 Re6 30. Nd5 Rb8 31. Nxf6+ Rxf6 32. Bd5 h5 33. Bc4 a5 34.
Ra1 Rf5 35. Rfd1 Rg5 36. Rd5 Rg4 37. Rxh5 g6 38. Rhxa5 Rd4 39. Ra8 Rxa8 40.
Rxa8+ Kg7 41. Ra7 1-0

[Event "AUTO-ADV-4647"]
[Site "http://www.queenalice.com/game.php?id=1797528"]
[Date "2022.10.7"]
[Round "1"]
[White "NickThorp"]
[Black "Becket"]
[Result "0-1"]
[WhiteElo "1664"]
[BlackElo "1804"]

1. e4 e5 2. Nf3 d6 3. Bb5+ Bd7 4. Bxd7+ Nxd7 5. O-O Be7 6. d3 Ngf6 7. Bg5 h6 8.
Bh4 g5 9. Bg3 Nh5 10. Nc3 Nxg3 11. hxg3 c6 12. a3 Nf6 13. Qe2 Nh5 14. g4 Nf4 15.
Qe3 h5 16. gxh5 Rxh5 17. Nh2 Qd7 18. g3 Qh3 19. gxf4 Qxh2# 0-1

[Event "AUTO-ADV-4647"]
[Site "http://www.queenalice.com/game.php?id=1797529"]
[Date "2022.10.7"]
[Round "1"]
[White "Becket"]
[Black "NickThorp"]
[Result "1-0"]
[WhiteElo "1831"]
[BlackElo "1737"]

1. d4 d5 2. e3 a6 3. Nf3 Bg4 4. c4 Nf6 5. Nc3 dxc4 6. Bxc4 e6 7. O-O Bb4 8. Bd2
O-O 9. Be2 Nc6 10. Qb3 h6 11. a3 Bxc3 12. Bxc3 Ne4 13. Qxb7 Nxc3 14. bxc3 Na5
15. Qb4 Nc6 16. Qb2 Rb8 17. Qc2 Bf5 18. Bd3 Bxd3 19. Qxd3 a5 20. Rab1 Rxb1 21.
Rxb1 Qd5 22. h3 Rb8 23. Rxb8+ Nxb8 24. c4 Qc6 25. Kf1 Nd7 26. Qb3 Nb6 27. Nd2 a4
28. Qd3 f5 29. f3 g5 30. Kf2 Kg7 31. e4 fxe4 32. fxe4 Kf7 33. d5 exd5 34. cxd5
Qf6+ 35. Qf3 Qxf3+ 36. Kxf3 Kf6 37. g4 Ke5 38. Ke3 Kd6 39. Kd4 c6 40. dxc6 Kxc6
41. Ke5 Nd7+ 42. Kf5 Kd6 43. Kg6 Ne5+ 44. Kxh6 Kc5 45. Kxg5 Kd4 46. h4 Kd3 47.
h5 Kxd2 48. h6 Nf7+ 49. Kg6 Ne5+ 50. Kg7 Nxg4 51. h7 Ne5 52. h8=Q Nc4 53. Qf8
Ke3 54. Qc5+ Kd3 55. e5 Nxe5 56. Qxe5 Kc4 57. Qe4+ 1-0

[Event "AUTO-ADV-4647"]
[Site "http://www.queenalice.com/game.php?id=1797540"]
[Date "2022.10.7"]
[Round "1"]
[White "Becket"]
[Black "darthvedder72"]
[Result "1-0"]
[WhiteElo "1826"]
[BlackElo "1882"]

1. d4 Nf6 2. e3 e6 3. Nf3 b6 4. c4 Bb7 5. Be2 Be7 6. Nc3 O-O 7. O-O d6 8. b4
Nbd7 9. a4 Ne4 10. Nxe4 Bxe4 11. d5 e5 12. Bd3 Bxd3 13. Qxd3 f5 14. Qc2 Qe8 15.
Bb2 Qh5 16. c5 bxc5 17. bxc5 Nxc5 18. Ba3 e4 19. Nd4 Rf6 20. Qe2 Rh6 21. Qxh5
Rxh5 22. a5 Nd3 23. Ne6 Bf6 24. Rab1 Be5 25. g3 Rc8 26. Rb7 c5 27. Rxa7 g5 28.
Rb1 f4 29. Rbb7 fxe3 30. fxe3 c4 31. Rc7 Rxc7 32. Rxc7 c3 33. a6 Rh6 34. a7 1-0

[Event "AUTO-ADV-4647"]
[Site "http://www.queenalice.com/game.php?id=1797541"]
[Date "2022.10.7"]
[Round "1"]
[White "darthvedder72"]
[Black "Becket"]
[Result "1-0"]
[WhiteElo "1880"]
[BlackElo "1817"]

1. d4 d5 2. Bf4 e6 3. e3 Nf6 4. Nf3 Bd6 5. Bg5 Bd7 6. c3 c5 7. Bd3 Nc6 8. O-O
cxd4 9. exd4 a6 10. Nbd2 b5 11. a3 Na5 12. Re1 Nc4 13. Nxc4 bxc4 14. Bb1 Be7 15.
Ne5 O-O 16. Qc2 Ne4 17. Bxe7 Qxe7 18. f3 Nf6 19. g4 g6 20. h3 Rfd8 21. Nxd7 Nxd7
22. f4 Qh4 23. Re3 Nf6 24. Qf2 Qxf2+ 25. Kxf2 Rab8 26. Re2 Rb6 27. g5 Nh5 28.
Ba2 Nxf4 29. Re3 Rxb2+ 30. Kg3 Nd3 31. Bb1 Nc1 32. Re1 Nb3 33. Ra2 Rxa2 34. Bxa2
a5 35. Kf4 a4 36. Ke5 Nd2 37. Re2 Nf3+ 38. Kf4 Nh4 39. Rb2 Rd7 40. Rb4 Ra7 41.
Bb1 Nf5 42. Bxf5 gxf5 43. Ke5 Kg7 44. h4 Kg6 45. Kf4 Kh5 46. Kg3 Kg6 47. Rb8 Kg7
48. h5 f6 49. gxf6+ Kxf6 50. Kf4 Ra6 51. Rb7 h6 52. Rb4 Ra7 53. Rb8 Ra6 54. Rb7
1-0

[Event "Challenge"]
[Site "http://www.queenalice.com/game.php?id=1798262"]
[Date "2022.10.20"]
[Round "-"]
[White "darthvedder72"]
[Black "Becket"]
[Result "1-0"]
[WhiteElo "1893"]
[BlackElo "1814"]

1. d4 d5 2. c4 e6 3. cxd5 Qxd5 4. Nc3 Qd8 5. e4 Be7 6. Nf3 Nf6 7. Bc4 c6 8. O-O
O-O 9. Bg5 Nfd7 10. Bxe7 Qxe7 11. Re1 b5 12. Bb3 a5 13. Bc2 g6 14. e5 f6 15.
exf6 Qxf6 16. Ne4 Qe7 17. a3 Nf6 18. Bb3 Ra7 19. Nfg5 Nxe4 20. Nxe4 Nd7 21. Rc1
Nf6 22. Rxc6 Ra6 23. Rxa6 Bxa6 24. Nc5 Bc8 25. Nxe6 Bxe6 26. Rxe6 Qg7 27. Re7+
Rf7 28. Rxf7 Qxf7 29. Bxf7+ Kxf7 30. Qe2 1-0

[Event "Challenge"]
[Site "http://www.queenalice.com/game.php?id=1798263"]
[Date "2022.10.20"]
[Round "-"]
[White "Becket"]
[Black "darthvedder72"]
[Result "1-0"]
[WhiteElo "1811"]
[BlackElo "1886"]

1. d4 f5 2. e3 Nf6 3. Nf3 g6 4. c4 Bg7 5. Nc3 d6 6. Be2 O-O 7. h3 Qe8 8. Bd2 e5
9. dxe5 dxe5 10. Rb1 b6 11. Nb5 Na6 12. a3 Bd7 13. b4 c6 14. Nc3 Nc7 15. Qb3 Kh8
16. a4 Rd8 17. a5 h6 18. axb6 axb6 19. Na4 b5 20. cxb5 cxb5 21. Nc5 Bc6 22. Bc3
e4 23. Ne5 Bd5 24. Qc2 Ne6 25. Nxe6 Qxe6 26. Nxg6+ Kh7 27. Nxf8+ Rxf8 28. Bxb5
Rc8 29. Qd2 Bc4 30. Bxc4 Qxc4 31. Bxf6 Bxf6 32. Qe2 Qc3+ 33. Qd2 Qc4 34. Qe2
Bc3+ 35. Kf1 Qd5 36. g3 Rb8 37. b5 Be5 38. Kg2 Rb6 39. Rhc1 Kg6 40. Qd1 Qe6 41.
Qb3 Qf6 42. Qg8+ Qg7 43. Qxg7+ Kxg7 44. Rc5 Bf6 45. Rxf5 1-0

[Event "Challenge"]
[Site "http://www.queenalice.com/game.php?id=1798711"]
[Date "2022.10.27"]
[Round "-"]
[White "Becket"]
[Black "Sovietic1982"]
[Result "1/2-1/2"]
[WhiteElo "1843"]
[BlackElo "1908"]

1. d4 d5 2. e3 c6 3. Nf3 Bg4 4. c4 Nf6 5. Nc3 e6 6. a3 Bd6 7. cxd5 exd5 8. Be2
h6 9. Qc2 Be6 10. e4 Bc7 11. e5 Nfd7 12. Be3 Ba5 13. b4 Bb6 14. Na4 Bc7 15. Nc5
Nxc5 16. Qxc5 Nd7 17. Qc2 a6 18. h3 O-O 19. Nd2 Nb6 20. Qd1 Re8 21. Bg4 Qh4 22.
Bxe6 Rxe6 23. g3 Qe7 24. f4 f5 25. g4 g6 26. gxf5 gxf5 27. Qh5 Qh7 28. Rg1+ Kh8
29. O-O-O Rg8 30. Rxg8+ Qxg8 31. Rg1 Qe8 32. Qxe8+ Rxe8 33. Kc2 Kh7 34. Kb3 Bd8
35. Rg2 Nd7 36. Bf2 Nf8 37. Be3 Ne6 38. Kc3 b5 39. Kd3 Be7 40. Nb3 Ra8 41. Na5
Rc8 42. Rc2 Nd8 43. Nb3 Ra8 44. Rg2 Bh4 45. Bf2 Ne6 46. Be3 Bd8 47. Kc2 a5 48.
Kc3 axb4+ 49. axb4 Bc7 50. Rg1 Ra2 51. Nd2 Ra3+ 52. Nb3 Ra2 53. Nd2 Ra3+ 54. Nb3
Ra2 1/2-1/2

[Event "AUTO-ADV-4647"]
[Site "http://www.queenalice.com/game.php?id=1801430"]
[Date "2022.12.7"]
[Round "2"]
[White "Becket"]
[Black "darthvedder72"]
[Result "1/2-1/2"]
[WhiteElo "1862"]
[BlackElo "1867"]

1. d4 Nf6 2. e3 b6 3. c4 Bb7 4. Nf3 e6 5. Nc3 Be7 6. Be2 O-O 7. O-O d6 8. b4
Nbd7 9. Qc2 c5 10. dxc5 dxc5 11. bxc5 Nxc5 12. Ba3 Rc8 13. Bxc5 Bxc5 14. Rfd1
Qe7 15. Na4 Be4 16. Qb3 Rfd8 17. Rxd8+ Rxd8 18. Rd1 Rxd1+ 19. Qxd1 Qd6 20. Nxc5
Qxc5 21. Qd8+ Qf8 22. Qxf8+ Kxf8 23. Nd4 Nd7 24. Bf3 Bxf3 25. Nxf3 Ke7 26. Kf1
f6 27. g3 Kd6 28. Ke2 Kc5 29. Kd3 g6 30. a3 h5 31. h4 a6 32. Kc3 Nb8 33. Nd4 e5
34. Ne6+ Kd6 35. Nf8 Kc5 36. Nxg6 Nc6 37. f4 e4 38. f5 Na5 39. Nf4 Nxc4 40. Nxh5
Nxe3 41. Nxf6 Nxf5 42. Nxe4+ Kd5 43. Kd3 b5 44. h5 a5 45. g4 Nh6 46. g5 Nf7 47.
g6 Nh6 48. Ng5 b4 49. axb4 axb4 50. g7 Ng8 51. Nf7 Ke6 52. h6 Kxf7 53. h7 Kxg7
54. hxg8=Q+ Kxg8 55. Kc4 Kf7 56. Kxb4 Ke6 1/2-1/2

[Event "AUTO-ADV-4647"]
[Site "http://www.queenalice.com/game.php?id=1801431"]
[Date "2022.12.7"]
[Round "2"]
[White "darthvedder72"]
[Black "Becket"]
[Result "1-0"]
[WhiteElo "1880"]
[BlackElo "1846"]

1. d4 d5 2. c4 e6 3. Nc3 Nf6 4. Bg5 c5 5. cxd5 exd5 6. dxc5 d4 7. Ne4 Be7 8.
Nxf6+ Bxf6 9. Bxf6 Qxf6 10. Nf3 Nd7 11. Rc1 d3 12. Qxd3 Qxb2 13. Qe4+ Kf8 14.
Qc2 Qxc2 15. Rxc2 h6 16. e3 Nf6 17. Bc4 Be6 18. Bxe6 fxe6 19. Ke2 Ke7 20. Rb1
Rab8 21. Ne5 Rhc8 22. a4 Nd7 23. Nxd7 Kxd7 24. Rd1+ Ke7 25. f3 Rc6 26. Rb1 Kd7
27. Rb4 Kc7 28. Rg4 g5 29. h4 gxh4 30. Rxh4 Rg8 31. g4 Rg6 32. Rh5 b6 33. Kd3
bxc5 34. Rhxc5 Rxc5 35. Rxc5+ Kd6 36. Ra5 Rg7 37. Ra6+ Ke5 38. f4+ Kf6 39. Ke4
Rxg4 40. Rxa7 h5 41. Rh7 Kg6 42. Rh8 h4 43. a5 1-0

[Event "AUTO-ADV-4647"]
[Site "http://www.queenalice.com/game.php?id=1801432"]
[Date "2022.12.7"]
[Round "2"]
[White "Becket"]
[Black "juliobragatecbr"]
[Result "0-1"]
[WhiteElo "1829"]
[BlackElo "1982"]

1. d4 d5 2. e3 Nc6 3. c4 dxc4 4. Bxc4 e5 5. Nf3 h6 6. Nc3 exd4 7. Nxd4 Nxd4 8.
exd4 Bb4 9. Qa4+ Bd7 10. Qxb4 b6 11. O-O Ne7 12. Qb3 O-O 13. Nd5 Nxd5 14. Bxd5
c6 15. Be4 Be6 16. Qc3 Bd5 17. Bxd5 Qxd5 18. a3 Rfe8 19. Be3 Re6 20. Rad1 Rg6
21. f3 Re8 22. Rde1 Rge6 23. Bf2 Rxe1 24. Rxe1 Rxe1+ 25. Qxe1 a5 26. Qe5 Qb3 27.
Qe2 Qa2 28. h3 Qb1+ 29. Kh2 Qg6 30. Bg3 b5 0-1

[Event "AUTO-ADV-4647"]
[Site "http://www.queenalice.com/game.php?id=1801433"]
[Date "2022.12.7"]
[Round "2"]
[White "juliobragatecbr"]
[Black "Becket"]
[Result "1-0"]
[WhiteElo "1971"]
[BlackElo "1840"]

1. e4 e5 2. Nf3 d6 3. Bc4 Be7 4. d4 exd4 5. Nxd4 a6 6. Qf3 Nf6 7. O-O O-O 8. Nc3
Nbd7 9. Bd3 Ne5 10. Bg5 Nxf3+ 11. Nxf3 Re8 12. Rfe1 Bd7 13. h3 b5 14. Rad1 c5
15. b3 Bc6 16. h4 Qc7 17. Nd5 Nxd5 18. exd5 Bxd5 19. Bxh7+ Kxh7 20. Rxd5 Bxg5
21. Rxe8 Rxe8 22. Nxg5+ Kg8 23. Rf5 f6 24. Nh3 d5 25. g3 Re5 26. Rxe5 Qxe5 27.
a4 bxa4 28. bxa4 Qa1+ 29. Kg2 Qxa4 30. c3 d4 31. cxd4 1-0